[Event "FRA-chT"]
[Site "?"]
[Date "1995.??.??"]
[Round "?"]
[White "Flear, Christine"]
[Black "Lebel Arias, Julia"]
[Result "1/2-1/2"]
[WhiteElo "2190"]
[BlackElo "2070"]
[PlyCount "170"]
[EventDate "1995.??.??"]
[Source "ChessBase"]
[SourceDate "1996.11.15"]

1. d4 g6 2. e4 Bg7 3. Nc3 d6 4. Be3 c6 5. f3 d5 6. Qd2 h5 7. Nge2 Nh6 8. h3
dxe4 9. fxe4 Nd7 10. O-O-O Nb6 11. Nf4 e5 12. dxe5 Qxd2+ 13. Rxd2 Bxe5 14. Be2
Bd7 15. Rf1 O-O-O 16. Bd4 Bxd4 17. Rxd4 Be8 18. Rd3 Rxd3 19. Nxd3 Nd7 20. e5
Nf5 21. Ne4 Kc7 22. Kd2 b6 23. c3 c5 24. g4 hxg4 25. hxg4 Ng7 26. b3 Ne6 27.
Rf2 Nd8 28. Ng5 Nc6 29. Nxf7 Bxf7 30. Rxf7 Re8 31. Rg7 c4 32. bxc4 Ncxe5 33.
Nxe5 Rxe5 34. Bd3 Ra5 35. Bb1 Kd8 36. Rxg6 Ne5 37. Rg8+ Ke7 38. c5 Kf7 39. Rb8
bxc5 40. g5 Nf3+ 41. Kd3 Nxg5 42. Kc4 Ne6 43. Rb5 Ra4+ 44. Kb3 Ra6 45. Bd3 Rc6
46. Rb7+ Rc7 47. Rxc7+ Nxc7 48. Kc4 Ke6 49. Kxc5 Ke5 50. Bc4 Ne8 51. a4 Nd6 52.
Bd5 Nf5 53. a5 Ne3 54. Bf3 Ke6 55. Kc6 Ke7 56. Kb7 Nc4 57. a6 Kd7 58. Bg4+ Kd8
59. Kb8 Na5 60. Bf3 Kd7 61. Bd5 Kd8 62. c4 Nb3 63. Bc6 Nc5 64. Bb5 Nb3 65. Kb7
Na5+ 66. Kb8 Nb3 67. Bc6 Nc5 68. Bg2 Nxa6+ 69. Kxa7 Nb4 70. Kb7 Nd3 71. Bh3
Nc5+ 72. Kc6 Nd3 73. Kd6 Nb2 74. c5 Nc4+ 75. Kc6 Ne5+ 76. Kd6 Nc4+ 77. Kc6 Ne5+
78. Kb7 Nc4 79. Be6 Ne5 80. Bb3 Kd7 81. Kb6 Kc8 82. Be6+ Kd8 83. Bf5 Nc4+ 84.
Ka6 Kc7 85. Kb5 Nd6+ 1/2-1/2

[Event "FRA-chT"]
[Site "?"]
[Date "1995.??.??"]
[Round "?"]
[White "Giffard, Nicolas"]
[Black "Rotstein, Arkadij"]
[Result "0-1"]
[WhiteElo "2390"]
[BlackElo "2490"]
[PlyCount "66"]
[EventDate "1995.??.??"]
[Source "ChessBase"]
[SourceDate "1996.11.15"]

1. Nf3 Nf6 2. c4 e6 3. g3 d5 4. Bg2 dxc4 5. Qa4+ Nbd7 6. Qxc4 c5 7. O-O b6 8.
Nd4 Ne5 9. Qc2 Bd7 10. Bxa8 Qxa8 11. f4 cxd4 12. fxe5 Ng4 13. Qc7 Be7 14. d3
Bc6 15. Nd2 Ne3 16. Nc4 Nxf1 17. Bg5 O-O 18. Bxe7 Rc8 19. Qd6 Bh1 20. Kxf1 Qg2+
21. Ke1 Qg1+ 22. Kd2 Qxa1 23. Qd7 Ra8 24. Qxd4 Qxa2 25. Nd6 Bc6 26. Qf4 Qxb2+
27. Ke1 Be8 28. Bf6 h6 29. h4 a5 30. Qg4 Qb4+ 31. Qxb4 axb4 32. Be7 b3 33. Nc4
b5 0-1

[Event "FRA-chT"]
[Site "?"]
[Date "1995.??.??"]
[Round "?"]
[White "Guigonis, Dominique"]
[Black "Nataf, Igor Alexandre"]
[Result "0-1"]
[WhiteElo "2290"]
[BlackElo "2340"]
[PlyCount "72"]
[EventDate "1995.??.??"]
[Source "ChessBase"]
[SourceDate "1996.11.15"]

1. d4 Nf6 2. c4 g6 3. Nc3 Bg7 4. e4 d6 5. Bd3 O-O 6. Nge2 c5 7. d5 e6 8. h3
exd5 9. exd5 Nbd7 10. f4 Nh5 11. g4 Qh4+ 12. Kd2 Nhf6 13. Kc2 Ne8 14. Bd2 h6
15. Qg1 Nc7 16. Ne4 b5 17. b3 Qe7 18. Rf1 bxc4 19. bxc4 Nxd5 20. f5 Rb8 21. g5
hxg5 22. f6 N5xf6 23. Bxg5 Qe5 24. N4c3 Nh5 25. Bd2 Nb6 26. Rf4 Nxf4 27. Bxf4
Qe6 28. h4 Nxc4 29. h5 Ba6 30. Kc1 Bxc3 31. hxg6 Bb2+ 32. Kd1 Bg7 33. Qh2 fxg6
34. Qh7+ Kf7 35. Rf1 Nb2+ 36. Kd2 Bxd3 0-1

[Event "FRA-chT"]
[Site "?"]
[Date "1995.??.??"]
[Round "?"]
[White "Hagege, Gerard"]
[Black "Santo Roman, Marc"]
[Result "0-1"]
[WhiteElo "2235"]
[BlackElo "2465"]
[PlyCount "70"]
[EventDate "1995.??.??"]
[Source "ChessBase"]
[SourceDate "1996.11.15"]

1. c4 f5 2. Nc3 Nf6 3. g3 g6 4. Bg2 Bg7 5. e3 O-O 6. Nge2 e5 7. d3 c6 8. O-O
Na6 9. Rb1 d5 10. cxd5 cxd5 11. d4 e4 12. Nf4 g5 13. Nfe2 Nc7 14. f3 Kh8 15. f4
h6 16. Bd2 Be6 17. Rc1 b5 18. a4 b4 19. Na2 a5 20. b3 Rf7 21. Rc6 Bd7 22. Rc5
Bf8 23. Rc1 Bd6 24. Rb1 Qe7 25. Rb2 Rg8 26. Nac1 Ne6 27. Kh1 gxf4 28. gxf4 Ng4
29. Qe1 Rfg7 30. Rg1 Qf7 31. h3 Qh5 32. Ng3 Nf2+ 33. Qxf2 Rxg3 34. Ne2 R3g7 35.
Rc2 Be7 0-1

[Event "FRA-chT"]
[Site "?"]
[Date "1995.??.??"]
[Round "?"]
[White "Haik, Aldo"]
[Black "Daillet, Emmanuel"]
[Result "1-0"]
[WhiteElo "2435"]
[BlackElo "2290"]
[PlyCount "70"]
[EventDate "1995.??.??"]
[Source "ChessBase"]
[SourceDate "1996.11.15"]

1. d4 Nf6 2. Nf3 g6 3. Bg5 Ne4 4. Bh4 c5 5. d5 Qb6 6. Qc1 Bg7 7. c3 d6 8. Nbd2
Bf5 9. g4 Nxd2 10. Nxd2 Bxg4 11. e4 O-O 12. f3 Bh5 13. Bxe7 Re8 14. Nc4 Qc7 15.
Bxd6 Qd8 16. Qf4 Nd7 17. Bh3 b5 18. Bc7 Bh6 19. Bxd8 Bxf4 20. Bxd7 Rexd8 21.
Bxb5 Rab8 22. Bc6 f6 23. Kf2 g5 24. h4 g4 25. fxg4 Bxg4 26. h5 Bc8 27. Rag1+
Kf7 28. Kf3 Bh6 29. Rh2 Bf8 30. Rhg2 Bh3 31. Rg8 Bh6 32. R8g3 Bc8 33. e5 fxe5
34. Ke4 Kf6 35. Rf1+ Ke7 1-0

[Event "FRA-chT"]
[Site "?"]
[Date "1995.??.??"]
[Round "?"]
[White "Haik, Aldo"]
[Black "Nemety, Laslo"]
[Result "1-0"]
[WhiteElo "2435"]
[BlackElo "2220"]
[PlyCount "63"]
[EventDate "1995.??.??"]
[Source "ChessBase"]
[SourceDate "1996.11.15"]

1. d4 d5 2. c4 e6 3. Nc3 Ne7 4. cxd5 exd5 5. Bf4 Ng6 6. Bg3 h5 7. h3 Bd6 8.
Bxd6 Qxd6 9. e3 Nd7 10. Bd3 c6 11. f4 Qe7 12. Kf2 Nf6 13. Qc2 Rh6 14. Nf3 Kf8
15. Rhe1 Ne8 16. Kg1 Nd6 17. Ne5 Nh4 18. e4 f6 19. exd5 fxe5 20. fxe5 Nf7 21.
Qf2 cxd5 22. Nxd5 Qg5 23. Rf1 Be6 24. Nc7 Qe7 25. Nxa8 Bd5 26. Nc7 Bxg2 27. Qg3
Bxf1 28. Rxf1 Qxc7 29. Qxh4 Kg8 30. Qe4 Qc6 31. Qxc6 Rxc6 32. Be4 1-0

[Event "FRA-chT"]
[Site "?"]
[Date "1995.??.??"]
[Round "?"]
[White "Hamdouchi, Hichem"]
[Black "Sermek, Drazen"]
[Result "1-0"]
[WhiteElo "2555"]
[BlackElo "2515"]
[PlyCount "133"]
[EventDate "1995.??.??"]
[Source "ChessBase"]
[SourceDate "1996.11.15"]

1. e4 e5 2. Nf3 Nc6 3. Bb5 a6 4. Ba4 d6 5. Bxc6+ bxc6 6. d4 exd4 7. Qxd4 c5 8.
Qd3 Ne7 9. O-O Ng6 10. Nc3 Be7 11. Nd5 O-O 12. Bd2 a5 13. Rfe1 Bf6 14. Bc3 Bxc3
15. Qxc3 Re8 16. Rad1 Bg4 17. h3 Bxf3 18. Qxf3 a4 19. Qg3 Rb8 20. b3 axb3 21.
axb3 Rb7 22. f4 c6 23. Nc3 Rb4 24. Qe3 f5 25. e5 Rxf4 26. Rxd6 Qxd6 27. exd6
Rxe3 28. Rxe3 Rd4 29. Rf3 Nh4 30. Rf1 Rxd6 31. g3 Ng6 32. Rxf5 Rd2 33. Rf2 Rd4
34. Re2 Kf7 35. Ne4 Rd5 36. Kf2 Ne7 37. c4 Rf5+ 38. Ke3 Rh5 39. h4 h6 40. Rh2
Ke6 41. Kd3 Ng6 42. Re2 Kd7 43. Ra2 Ke6 44. Ra5 Ne5+ 45. Ke3 Rf5 46. Nxc5+ Kf6
47. Ke2 g5 48. Ne4+ Ke6 49. hxg5 hxg5 50. Nc5+ Kf6 51. Ra8 Ke7 52. Ra7+ Kd6 53.
Ne4+ Ke6 54. Rh7 Ng4 55. Rg7 Ke5 56. Rxg5 Rxg5 57. Nxg5 Kd4 58. Kd2 Nf6 59.
Ne6+ Ke5 60. Nd8 Kd6 61. Ke3 Kc5 62. Kf4 Kb4 63. Nxc6+ Kxb3 64. Ne5 Kb4 65. Kf5
Ne8 66. g4 Kc5 67. Ke6 1-0

[Event "FRA-chT"]
[Site "?"]
[Date "1995.??.??"]
[Round "?"]
[White "Heinis, Vincent"]
[Black "Miralles, Gilles"]
[Result "0-1"]
[WhiteElo "2260"]
[BlackElo "2460"]
[PlyCount "62"]
[EventDate "1995.??.??"]
[Source "ChessBase"]
[SourceDate "1996.11.15"]

1. d4 Nf6 2. c4 e6 3. Nf3 b6 4. Nc3 Bb7 5. Bg5 Be7 6. e3 c5 7. d5 Nxd5 8. Nxd5
Bxg5 9. Nxg5 exd5 10. Qh5 Qf6 11. cxd5 h6 12. Ne4 Qxb2 13. Rd1 Qb4+ 14. Nd2 O-O
15. g4 Re8 16. Rb1 Qc3 17. Bg2 c4 18. Kd1 Qd3 19. Qf5 Qxf5 20. gxf5 c3 21. Nc4
Rc8 22. Na3 Na6 23. e4 Rc5 24. Kc2 Ra5 25. Rb3 Rc8 26. Ra1 Ra4 27. Nb1 Nb4+ 28.
Rxb4 Rxb4 29. Bf1 Rb2+ 30. Kc1 Rxf2 31. Bd3 Rxh2 0-1

[Event "FRA-chT"]
[Site "?"]
[Date "1995.??.??"]
[Round "?"]
[White "Kallai, Gabor"]
[Black "Lejeune, Jean Pierre"]
[Result "1-0"]
[WhiteElo "2500"]
[BlackElo "2320"]
[PlyCount "93"]
[EventDate "1995.??.??"]
[Source "ChessBase"]
[SourceDate "1996.11.15"]

1. d4 Nf6 2. c4 e6 3. Nf3 b6 4. g3 Ba6 5. Qa4 Bb7 6. Bg2 Be7 7. O-O O-O 8. Nc3
d5 9. Ne5 c6 10. Rd1 Nfd7 11. cxd5 cxd5 12. e4 Nf6 13. exd5 Nxd5 14. Qc4 a6 15.
Bd2 Ra7 16. Nxd5 Bxd5 17. Bxd5 Qxd5 18. Qxd5 exd5 19. Rac1 Rb7 20. b4 Bf6 21.
f4 b5 22. Rc5 Nd7 23. Rxd5 Nb6 24. Rc5 Rd8 25. Bc3 Nd5 26. Bd2 Nb6 27. Be1 Bxe5
28. fxe5 Nd5 29. Rdc1 Kf8 30. Rc6 Nb6 31. Bf2 Ke7 32. Kg2 h6 33. Kf3 Nd5 34.
Be1 Ra7 35. Ke4 Ke8 36. a3 Rdd7 37. R1c5 Ne7 38. Rb6 Ra8 39. g4 Nc8 40. Rbc6
Ne7 41. Rc7 Kd8 42. Rxd7+ Kxd7 43. d5 Rb8 44. h4 Nc8 45. Bf2 Ne7 46. h5 Rf8 47.
Bh4 1-0

[Event "FRA-chT"]
[Site "?"]
[Date "1995.??.??"]
[Round "?"]
[White "Kappler, Jean Marie"]
[Black "Bauer, Christian"]
[Result "1-0"]
[WhiteElo "2295"]
[BlackElo "2430"]
[PlyCount "101"]
[EventDate "1995.??.??"]
[Source "ChessBase"]
[SourceDate "1996.11.15"]

1. e4 c5 2. Nc3 Nc6 3. g3 g6 4. Bg2 Bg7 5. d3 d6 6. Nge2 Nf6 7. O-O O-O 8. h3
e5 9. f4 exf4 10. Nxf4 Rb8 11. Be3 b5 12. a3 Nd7 13. Qd2 a5 14. Rab1 b4 15.
axb4 axb4 16. Ncd5 Nde5 17. Ne2 b3 18. c3 Be6 19. Kh2 Rb7 20. Bh6 Bxd5 21. exd5
Ne7 22. Bxg7 Kxg7 23. d4 cxd4 24. Nxd4 Qd7 25. Rf2 Rbb8 26. Rd1 h6 27. Qf4 Ng8
28. Nc6 Rbe8 29. Ra1 Re7 30. Qd4 Qc8 31. Ra3 Ree8 32. Rxb3 f6 33. Ra3 Rf7 34.
b4 h5 35. b5 Nh6 36. Nxe5 dxe5 37. Qb4 e4 38. Bxe4 h4 39. gxh4 Qb8+ 40. Kg2 Qe5
41. Ra4 Rc7 42. Qd4 Rxc3 43. Qxe5 Rxe5 44. Rb2 Nf7 45. b6 Rc8 46. b7 Rb8 47.
Rb6 Ree8 48. Rc4 f5 49. Bf3 Ne5 50. Rc7+ Kh6 51. Re6 1-0

[Event "FRA-chT"]
[Site "?"]
[Date "1995.??.??"]
[Round "?"]
[White "Kappler, Jean Marie"]
[Black "Giffard, Nicolas"]
[Result "0-1"]
[WhiteElo "2295"]
[BlackElo "2390"]
[PlyCount "82"]
[EventDate "1995.??.??"]
[Source "ChessBase"]
[SourceDate "1996.11.15"]

1. e4 c5 2. Nc3 Nc6 3. g3 g6 4. Bg2 Bg7 5. d3 d6 6. Nge2 Qd7 7. O-O b6 8. Be3
Bb7 9. Qd2 Nd4 10. Rab1 f5 11. Nf4 O-O-O 12. b4 Nf6 13. a4 g5 14. Nfe2 Nxe2+
15. Qxe2 f4 16. Bd2 Ng4 17. bxc5 fxg3 18. fxg3 Bd4+ 19. Kh1 dxc5 20. Nb5 h5 21.
Nxd4 cxd4 22. Rf5 Qxa4 23. h3 Ne3 24. Rxg5 Nxg2 25. Kxg2 Kb8 26. Rb4 Qa2 27. c3
Ka8 28. c4 Bc6 29. h4 Kb7 30. Qd1 Rdg8 31. Qc1 Rxg5 32. hxg5 h4 33. gxh4 Rxh4
34. Kg3 Rh8 35. Rb2 Qa4 36. Bf4 Bd7 37. Rh2 Rg8 38. Qb2 Qd1 39. Qd2 Qg4+ 40.
Kf2 e5 41. Bxe5 Rxg5 0-1

[Event "FRA-chT"]
[Site "?"]
[Date "1995.??.??"]
[Round "?"]
[White "Koch, Jean Rene"]
[Black "Salus, Stephane"]
[Result "1-0"]
[WhiteElo "2495"]
[BlackElo "2250"]
[PlyCount "65"]
[EventDate "1995.??.??"]
[Source "ChessBase"]
[SourceDate "1996.11.15"]

1. e4 c5 2. Nf3 Nc6 3. d4 cxd4 4. Nxd4 e5 5. Nb5 d6 6. c4 Be7 7. Bd3 a6 8. N5c3
Bg5 9. Na3 Bxc1 10. Rxc1 Nge7 11. Nc2 O-O 12. O-O Be6 13. b4 f5 14. Nd5 f4 15.
Be2 Kh8 16. a4 a5 17. b5 Bxd5 18. cxd5 Nb8 19. Bg4 Nd7 20. Na3 Nc5 21. Rxc5
dxc5 22. Nc4 Nc8 23. Bxc8 Rxc8 24. f3 Qe7 25. Qa1 Rfe8 26. Rd1 Qf6 27. b6 Ra8
28. Qa3 Rec8 29. Qc3 Re8 30. d6 Qd8 31. d7 Re7 32. Qd3 h6 33. Qd5 1-0

[Event "FRA-chT"]
[Site "?"]
[Date "1995.??.??"]
[Round "?"]
[White "Komarov, Dimitri"]
[Black "Bauer, Christian"]
[Result "1-0"]
[WhiteElo "2575"]
[BlackElo "2430"]
[PlyCount "103"]
[EventDate "1995.??.??"]
[Source "ChessBase"]
[SourceDate "1996.11.15"]

1. d4 d6 2. Nf3 g6 3. e4 Nf6 4. Bd3 Bg7 5. O-O O-O 6. c3 Nc6 7. Re1 e5 8. h3
Nh5 9. Be3 h6 10. Na3 a6 11. Nc4 Qf6 12. Bf1 Nf4 13. Kh2 g5 14. d5 Ne7 15. g3
Nxh3 16. Bxh3 g4 17. Nfxe5 gxh3 18. Nd3 Ng6 19. Bd4 Qd8 20. Bxg7 Kxg7 21. f4 b5
22. Ne3 f5 23. exf5 Bxf5 24. Nxf5+ Rxf5 25. Re6 Qf8 26. Nf2 Qf7 27. Qd4+ Kh7
28. Rae1 Rg8 29. Nxh3 Rg7 30. Qe4 Kg8 31. Re8+ Nf8 32. Qe6 Rg6 33. Qxf7+ Kxf7
34. R1e7+ Kg8 35. Re6 Kh7 36. Re2 Kg8 37. Rd2 Rg7 38. Nf2 Kf7 39. Ra8 Nd7 40.
Rxa6 Nf6 41. Ra5 Rh5+ 42. Kg2 Nxd5 43. Kf3 Nf6 44. Ra7 Ke6 45. Ra8 Kd7 46. Rf8
Nh7 47. Rh8 Nf6 48. Re2 Rg6 49. Rf8 Nd5 50. g4 Rh4 51. Rf5 Nf6 52. Rxf6 1-0

[Event "FRA-chT"]
[Site "?"]
[Date "1995.??.??"]
[Round "?"]
[White "Le Bellac, Pascal"]
[Black "Sharif, Mershad"]
[Result "0-1"]
[WhiteElo "2140"]
[BlackElo "2470"]
[PlyCount "96"]
[EventDate "1995.??.??"]
[Source "ChessBase"]
[SourceDate "1996.11.15"]

1. e4 e6 2. d4 d5 3. Nc3 Nf6 4. Bg5 dxe4 5. Nxe4 Be7 6. Nxf6+ Bxf6 7. Bxf6 Qxf6
8. Nf3 O-O 9. c3 b6 10. Bd3 Bb7 11. Qc2 Bxf3 12. gxf3 Qh6 13. Qe2 Nd7 14. Qe3
Qh4 15. O-O-O Nf6 16. Rhg1 Rac8 17. Qg5 Qxg5+ 18. Rxg5 Rfd8 19. Ba6 Rb8 20. Bc4
c6 21. a3 g6 22. Bd3 Rd5 23. Rxd5 cxd5 24. Kd2 Kf8 25. Rg1 Ke7 26. Rg5 Nh5 27.
Ke3 b5 28. Rg1 Kd6 29. Ra1 Kc7 30. b4 Kb6 31. a4 Rc8 32. Kd2 bxa4 33. Rxa4 Nf4
34. Bf1 Rc6 35. Ra6+ Kb7 36. Ra5 f6 37. Ra3 g5 38. Bd3 h6 39. Bf1 e5 40. Ke3
Ne6 41. dxe5 fxe5 42. Kd2 Nc7 43. Ra5 Kb6 44. Be2 a6 45. Bf1 Rf6 46. Ke3 Rf4
47. Ra1 d4+ 48. cxd4 Nd5+ 0-1

[Event "FRA-chT"]
[Site "?"]
[Date "1995.??.??"]
[Round "?"]
[White "Lecuyer, Christian"]
[Black "Koch, Jean Rene"]
[Result "0-1"]
[WhiteElo "2270"]
[BlackElo "2495"]
[PlyCount "76"]
[EventDate "1995.??.??"]
[Source "ChessBase"]
[SourceDate "1996.11.15"]

1. c4 f5 2. Nc3 Nf6 3. g3 g6 4. Bg2 Bg7 5. Nf3 O-O 6. O-O d6 7. d4 Qe8 8. d5 a5
9. Be3 h6 10. Qd2 Kh7 11. Qc2 Na6 12. Rad1 Bd7 13. Nd4 c6 14. Bc1 Nc5 15. b3
Rc8 16. Qb1 e5 17. dxe6 Bxe6 18. Rfe1 Bg8 19. Bb2 Rd8 20. a3 Nce4 21. Nxe4 fxe4
22. Nc2 d5 23. cxd5 Bxd5 24. Ne3 Qf7 25. Nxd5 Nxd5 26. Rf1 Bxb2 27. Qxb2 Rfe8
28. e3 Qf6 29. Qc2 Qe7 30. Rd4 Nf6 31. Rxd8 Rxd8 32. Qc3 Rd3 33. Qxa5 Rxb3 34.
a4 Nd5 35. h4 Ra3 36. Rd1 Ra2 37. Rd2 b6 38. Qa8 Rxd2 0-1

[Event "FRA-chT"]
[Site "?"]
[Date "1995.??.??"]
[Round "?"]
[White "Legky, Nikolay A"]
[Black "Metral, Jean Paul"]
[Result "1-0"]
[WhiteElo "2510"]
[BlackElo "2260"]
[PlyCount "69"]
[EventDate "1995.??.??"]
[Source "ChessBase"]
[SourceDate "1996.11.15"]

1. d4 Nf6 2. Nf3 g6 3. c4 c5 4. Nc3 cxd4 5. Nxd4 Bg7 6. e4 d6 7. Be2 Nbd7 8.
O-O a6 9. Be3 b6 10. Qd2 Bb7 11. f3 h5 12. Rac1 h4 13. Rfd1 Rc8 14. Bf1 Ne5 15.
b3 h3 16. gxh3 Rc5 17. Bg2 Ned7 18. Nd5 e6 19. Nxf6+ Bxf6 20. Nc2 Be7 21. Bxc5
dxc5 22. f4 Qc7 23. Ne3 Nf6 24. e5 Nh5 25. Ng4 Bxg2 26. Qxg2 O-O 27. Qf3 Rd8
28. Rxd8+ Qxd8 29. Rd1 Qc8 30. Ne3 Kg7 31. Nf1 f6 32. Ng3 Nxg3 33. hxg3 fxe5
34. fxe5 Qc7 35. Qf4 1-0

[Event "FRA-chT"]
[Site "?"]
[Date "1995.??.??"]
[Round "?"]
[White "Legky, Nikolay A"]
[Black "Neidhardt, Claus Ulrich"]
[Result "1-0"]
[WhiteElo "2505"]
[BlackElo "2400"]
[PlyCount "55"]
[EventDate "1995.??.??"]
[Source "ChessBase"]
[SourceDate "1996.11.15"]

1. d4 d5 2. c4 c6 3. Nf3 Nf6 4. Nc3 a6 5. a4 e6 6. Bg5 Bb4 7. e3 Nbd7 8. Bd3
Qa5 9. O-O dxc4 10. Bxc4 Bxc3 11. bxc3 Qxc3 12. Qe2 O-O 13. a5 Qb4 14. e4 Re8
15. Rfb1 Qf8 16. Bc1 g6 17. Ba3 Qg7 18. Bd6 h6 19. Ra3 Nh5 20. Ne5 Nxe5 21.
dxe5 Nf4 22. Qg4 g5 23. h4 Ng6 24. hxg5 h5 25. Qxh5 Nxe5 26. Bxe5 Qxe5 27. Rf3
Qg7 28. Rf6 1-0

[Event "FRA-chT"]
[Site "?"]
[Date "1995.??.??"]
[Round "?"]
[White "Ljubojevic, Ljubomir"]
[Black "Mitkov, Nikola"]
[Result "1-0"]
[WhiteElo "2580"]
[BlackElo "2475"]
[PlyCount "91"]
[EventDate "1995.??.??"]
[Source "ChessBase"]
[SourceDate "1996.11.15"]

1. Nf3 d5 2. d4 Nf6 3. c4 e6 4. Nc3 Bb4 5. Bg5 h6 6. Bxf6 Qxf6 7. Qb3 c5 8.
cxd5 exd5 9. a3 Bxc3+ 10. Qxc3 Nd7 11. e3 a6 12. a4 O-O 13. Be2 Rb8 14. a5 b5
15. axb6 Qxb6 16. Ra2 c4 17. Bd1 Re8 18. O-O Re6 19. Bc2 Qb4 20. Nd2 Nf6 21.
Re1 Reb6 22. f3 Ne8 23. e4 Nd6 24. exd5 Bb7 25. Ne4 Qxc3 26. bxc3 Bxd5 27. Nxd6
Rxd6 28. Kf2 Kf8 29. Ra5 Rb5 30. Ba4 Rb2+ 31. Re2 Rxe2+ 32. Kxe2 Ke7 33. Bc2
Be6 34. Ke3 Rb6 35. h4 Kd6 36. g4 Bc8 37. Be4 Rb5 38. Ra4 f5 39. gxf5 a5 40.
Rxc4 Bxf5 41. Rc6+ Ke7 42. Rc7+ Kf6 43. d5 g5 44. Rc6+ Ke5 45. Rxh6 Rb3 46.
Bxf5 1-0

[Event "FRA-chT"]
[Site "?"]
[Date "1995.??.??"]
[Round "?"]
[White "Lopez, Gabriela"]
[Black "Degraeve, Jean Marc"]
[Result "0-1"]
[WhiteElo "2205"]
[BlackElo "2425"]
[PlyCount "35"]
[EventDate "1995.??.??"]
[Source "ChessBase"]
[SourceDate "1996.11.15"]

1. d4 e6 2. Nf3 c5 3. c4 cxd4 4. Nxd4 Nf6 5. g3 Qc7 6. Qb3 Bc5 7. Nf3 d5 8.
Nbd2 Nc6 9. cxd5 exd5 10. Bg2 O-O 11. O-O Bf5 12. Qa4 Rfe8 13. Nb3 Re4 14. Qb5
Bb6 15. e3 Rc4 16. Nbd4 Bd3 17. Rd1 Rxd4 18. Rxd3 0-1

[Event "FRA-chT"]
[Site "?"]
[Date "1995.??.??"]
[Round "?"]
[White "Majorovas, Vitalijus"]
[Black "Anka, Emil"]
[Result "1-0"]
[WhiteElo "2440"]
[BlackElo "2410"]
[PlyCount "88"]
[EventDate "1995.??.??"]
[Source "ChessBase"]
[SourceDate "1996.11.15"]

1. Nf3 Nf6 2. c4 e6 3. Nc3 Bb4 4. Qc2 O-O 5. a3 Bxc3 6. Qxc3 b6 7. b4 c5 8. Bb2
d6 9. e3 e5 10. Be2 Bg4 11. h3 Bc8 12. Nxe5 Ne4 13. Qc2 Qh4 14. g3 Nxg3 15. Nf3
Qe4 16. d3 Qe7 17. fxg3 Qxe3 18. Qd2 Qe7 19. Kf2 Bb7 20. Rae1 Nc6 21. Bf1 Qd7
22. Bg2 f6 23. d4 cxd4 24. Nxd4 Ne5 25. Bd5+ Kh8 26. Nf3 Rac8 27. Rc1 b5 28.
cxb5 Rxc1 29. Rxc1 Nxf3 30. Bxf3 Bxf3 31. Kxf3 Qxh3 32. Qxd6 Re8 33. Qd5 h5 34.
Bd4 Qg4+ 35. Kg2 h4 36. Bf2 Re2 37. Rc8+ Kh7 38. Qd3+ f5 39. Rc4 h3+ 40. Kh1
Re4 41. Rxe4 fxe4 42. Qe3 g5 43. Qxa7+ Kg6 44. Qe3 Kh5 1-0

[Event "FRA-chT"]
[Site "?"]
[Date "1995.??.??"]
[Round "?"]
[White "Metral, Jean Paul"]
[Black "Santo Roman, Marc"]
[Result "0-1"]
[WhiteElo "2260"]
[BlackElo "2465"]
[PlyCount "80"]
[EventDate "1995.??.??"]
[Source "ChessBase"]
[SourceDate "1996.11.15"]

1. e4 c5 2. Nf3 Nc6 3. d4 cxd4 4. Nxd4 Nf6 5. Nc3 d6 6. Bg5 e6 7. Bc4 Qa5 8.
Bxf6 gxf6 9. Nxc6 bxc6 10. Qf3 Rg8 11. O-O Qg5 12. Rfe1 Rb8 13. Rab1 Qg4 14.
Re3 Be7 15. Qxg4 Rxg4 16. Be2 Rg7 17. b3 d5 18. exd5 cxd5 19. Na4 Bd7 20. Nb2
Bc5 21. Rf3 Ke7 22. Nd3 Bd4 23. Nf4 Bc6 24. Bf1 Rc8 25. Rd3 Be5 26. Ne2 Bb7 27.
Rd2 f5 28. b4 Rg4 29. Rb3 Rgc4 30. c3 Bxc3 31. Rd3 Be5 32. Rh3 Rc2 33. Ra3 a6
34. Rxh7 Rb2 35. Re3 Bf6 36. a3 Rb1 37. f4 d4 38. Rd3 Be4 39. Rhh3 Rc2 40. Kf2
Bh4+ 0-1

[Event "FRA-chT"]
[Site "?"]
[Date "1995.??.??"]
[Round "?"]
[White "Miralles, Gilles"]
[Black "Lejeune, Jean Pierre"]
[Result "0-1"]
[WhiteElo "2460"]
[BlackElo "2320"]
[PlyCount "102"]
[EventDate "1995.??.??"]
[Source "ChessBase"]
[SourceDate "1996.11.15"]

1. d4 Nf6 2. c4 e6 3. Nf3 b6 4. g3 Ba6 5. Nbd2 Bb7 6. Bg2 Be7 7. O-O O-O 8. Qa4
c5 9. dxc5 bxc5 10. Nb3 Bc6 11. Qa5 Qb6 12. Bf4 d6 13. Rfd1 Rd8 14. Ne1 Bxg2
15. Nxg2 Nc6 16. Qa4 h6 17. f3 Nd4 18. Nxd4 cxd4 19. b3 d5 20. Kf1 dxc4 21.
bxc4 Qc5 22. Rab1 a6 23. Rb7 e5 24. Bd2 Bf8 25. Qb3 Rac8 26. Rc1 Nd7 27. Qa4
Qd6 28. Bb4 Qe6 29. Bxf8 Nxf8 30. Ne1 e4 31. c5 d3 32. exd3 exd3 33. Ng2 Qe2+
34. Kg1 d2 35. Rd1 Qxf3 36. Qb3 Qxb3 37. Rxb3 Rxc5 38. Kf2 Ne6 39. Rb2 Rcd5 40.
Ne3 Rd4 41. Nf5 R4d7 42. Rc2 Kh7 43. Rc6 a5 44. Ne3 Rd4 45. Nc4 Ng5 46. Nxa5
Ra4 47. Nc4 Rxa2 48. Ke3 Re8+ 49. Kf2 Rc2 50. Nd6 Rxc6 51. Nxe8 Ne4+ 0-1

[Event "FRA-chT"]
[Site "?"]
[Date "1995.??.??"]
[Round "?"]
[White "Miralles, Gilles"]
[Black "Nay, Roger"]
[Result "1-0"]
[WhiteElo "2460"]
[BlackElo "2030"]
[PlyCount "57"]
[EventDate "1995.??.??"]
[Source "ChessBase"]
[SourceDate "1996.11.15"]

1. d4 Nf6 2. c4 e6 3. Nf3 Bb4+ 4. Nbd2 d5 5. a3 Bxd2+ 6. Bxd2 Ne4 7. Bf4 O-O 8.
e3 Nd7 9. Bd3 f5 10. Qc2 c6 11. O-O-O Ndf6 12. h3 Bd7 13. Ne5 a5 14. c5 Nh5 15.
Bh2 g6 16. Rdf1 Be8 17. g4 Nhf6 18. f3 Ng5 19. h4 Nf7 20. h5 Nxe5 21. Bxe5 Nd7
22. hxg6 Bxg6 23. gxf5 exf5 24. Rfg1 Nxe5 25. dxe5 Qd7 26. e4 dxe4 27. Bc4+ Kg7
28. Qh2 Rg8 29. Qxh7+ 1-0

[Event "FRA-chT"]
[Site "?"]
[Date "1995.??.??"]
[Round "?"]
[White "Miralles, Gilles"]
[Black "Spielmann, Alain"]
[Result "1/2-1/2"]
[WhiteElo "2460"]
[BlackElo "2270"]
[PlyCount "65"]
[EventDate "1995.??.??"]
[Source "ChessBase"]
[SourceDate "1996.11.15"]

1. d4 Nf6 2. c4 c5 3. d5 b5 4. cxb5 a6 5. b6 d6 6. Nc3 g6 7. Qb3 Bb7 8. a4 a5
9. e4 Bg7 10. Bb5+ Nfd7 11. Nf3 O-O 12. O-O Nxb6 13. Bf4 Na6 14. Rad1 Nb4 15.
e5 c4 16. Qa3 Nc2 17. Qa2 Nb4 18. Qa3 Nc2 19. Qa2 Nb4 20. Qb1 Nd3 21. Bg3 Nxd5
22. Bxc4 Nxc3 23. bxc3 Bxf3 24. Rxd3 Be4 25. exd6 exd6 26. Bxd6 Bxd3 27. Qxd3
Re8 28. Rd1 Ra7 29. Bb5 Re6 30. Bc4 Re8 31. Bb5 Re6 32. Bc4 Re8 33. Bb5 1/2-1/2

[Event "FRA-chT"]
[Site "?"]
[Date "1995.??.??"]
[Round "?"]
[White "Mitkov, Nikola"]
[Black "Flear, Glenn C"]
[Result "1/2-1/2"]
[WhiteElo "2475"]
[BlackElo "2480"]
[PlyCount "29"]
[EventDate "1995.??.??"]
[Source "ChessBase"]
[SourceDate "1996.11.15"]

1. e4 e5 2. Bc4 Nf6 3. d3 Nc6 4. Nc3 Bb4 5. Nge2 d5 6. exd5 Nxd5 7. Bxd5 Qxd5
8. O-O Qd8 9. f4 exf4 10. Bxf4 O-O 11. Qe1 Bg4 12. Qg3 Bxe2 13. Nxe2 Nd4 14.
Nxd4 Qxd4+ 15. Kh1 1/2-1/2

[Event "FRA-chT"]
[Site "?"]
[Date "1995.??.??"]
[Round "?"]
[White "Neidhardt, Claus Ulrich"]
[Black "Munschi, Serge"]
[Result "1-0"]
[WhiteElo "2400"]
[BlackElo "2250"]
[PlyCount "69"]
[EventDate "1995.??.??"]
[Source "ChessBase"]
[SourceDate "1996.11.15"]

1. d4 Nf6 2. Bg5 b6 3. Nc3 Bb7 4. Nf3 h6 5. Bxf6 exf6 6. e3 f5 7. d5 Be7 8. Bd3
Bf6 9. Qd2 g6 10. O-O-O O-O 11. Bc4 a6 12. h3 b5 13. Bb3 d6 14. g4 fxg4 15.
hxg4 Bg7 16. Nd4 Nd7 17. f4 Nc5 18. g5 h5 19. f5 b4 20. Nce2 Ne4 21. Qxb4 Qxg5
22. Qxb7 Qxe3+ 23. Kb1 Nd2+ 24. Rxd2 Qxd2 25. c3 h4 26. Qxc7 a5 27. Rd1 Qe3 28.
Qxd6 a4 29. Bc2 a3 30. Qf4 Qe7 31. d6 Qf6 32. fxg6 fxg6 33. Qxf6 Rxf6 34. Bb3+
Kh7 35. Ne6 1-0